000 00316 a2200145 4500
001 64421
040 _cAnchieta - Pituba
100 _aOliveira, Waldir Freitas
240 1 0 _aOrlando Gomes
_lpor
245 1 0 _aOrlando Gomes
300 _a334
362 0 _a2006
650 4 _ade criminosos ou advogados
942 _cBK
999 _c64421
_d64421